| 000 | 00358nam a2200145 a 4500 | ||
|---|---|---|---|
| 001 | 4976 | ||
| 003 | CDMR | ||
| 005 | 20130220094126.0 | ||
| 008 | 130130s2002||||||||||||||||||||||||||||d | ||
| 040 |
_aCDMR _bcat _cCPC GIRONA |
||
| 110 |
_92853 _aSils _bAjuntament |
||
| 245 | 0 | _aL'estació de sÃmbol de Sils | |
| 260 |
_c2002 _bAjuntament de Sils |
||
| 942 |
_cMON _2ddc |
||
| 999 |
_c4976 _d4976 |
||